| 000 | 00385 a2200157 4500 | ||
|---|---|---|---|
| 999 |
_c12704 _d12704 |
||
| 003 | OSt | ||
| 005 | 20240703184405.0 | ||
| 008 | 240703b ||||| |||| 00| 0 eng d | ||
| 020 | _a9788412721539 | ||
| 082 | _a[720.92 GAL] | ||
| 100 | _a Luis Fernández-Galiano Ruiz | ||
| 245 | _aThe Art of Herzog & de Meuron | ||
| 260 |
_bArquitectura Viva _c2023 |
||
| 300 | _a93p; | ||
| 942 | _2ddc | ||